<?xml version="1.0" encoding="UTF-8"?><?xml-stylesheet type="text/xsl" href="static/style.xsl"?><OAI-PMH xmlns="http://www.openarchives.org/OAI/2.0/" xmlns:xsi="http://www.w3.org/2001/XMLSchema-instance" xsi:schemaLocation="http://www.openarchives.org/OAI/2.0/ http://www.openarchives.org/OAI/2.0/OAI-PMH.xsd"><responseDate>2026-04-28T00:03:41Z</responseDate><request verb="GetRecord" identifier="oai:riubu.ubu.es:10259/10241" metadataPrefix="marc">https://riubu.ubu.es/oai/request</request><GetRecord><record><header><identifier>oai:riubu.ubu.es:10259/10241</identifier><datestamp>2025-02-22T01:05:35Z</datestamp><setSpec>com_10259_8005</setSpec><setSpec>com_10259_5086</setSpec><setSpec>com_10259_2604</setSpec><setSpec>col_10259_8006</setSpec></header><metadata><record xmlns="http://www.loc.gov/MARC21/slim" xmlns:doc="http://www.lyncode.com/xoai" xmlns:xsi="http://www.w3.org/2001/XMLSchema-instance" xmlns:dcterms="http://purl.org/dc/terms/" xsi:schemaLocation="http://www.loc.gov/MARC21/slim http://www.loc.gov/standards/marcxml/schema/MARC21slim.xsd">
<leader>00925njm 22002777a 4500</leader>
<datafield tag="042" ind1=" " ind2=" ">
<subfield code="a">dc</subfield>
</datafield>
<datafield tag="720" ind1=" " ind2=" ">
<subfield code="a">Méndez Juez, Marta</subfield>
<subfield code="e">author</subfield>
</datafield>
<datafield tag="720" ind1=" " ind2=" ">
<subfield code="a">Castellví Guimerá, Juan Luis</subfield>
<subfield code="e">author</subfield>
</datafield>
<datafield tag="260" ind1=" " ind2=" ">
<subfield code="c">2020-06</subfield>
</datafield>
<datafield tag="520" ind1=" " ind2=" ">
<subfield code="a">La protección del bienestar animal es hoy día una preocupación universal. Sin embargo, su garantía sigue siendo una laguna que aún no ha cubierto el derecho internacional. Desde la dimensión ambiental del modelo de paz transformadora, el desarrollo del Buen Vivir es fundamental para entender nuestras relaciones sociales y nuestras interacciones con el resto de seres vivos. Por ello, trataremos de entender qué papel desempeñan los animales y, en concreto, los perros en la cultura de paz. Veremos cómo su labor puede resultar de gran trascendencia en ámbitos de actuación pública esenciales en cualquier modelo de sociedad, como son la sanidad, la salud o las emergencias. Posteriormente, destacaremos algunas experiencias latinoamericanas que ilustran ese cambio en la concepción del bienestar animal y su aportación a las sociedades actuales. Estas experiencias llaman al optimismo y que pueden ser propulsoras del cambio social hacia modelos de convivencia que comporten un beneficio común para animales y humanos, en las interacciones que puedan generarse entre ambos. Finalizaremos exponiendo algunas conclusiones y reflexiones generales que inciten a futuros investigadores a trabajar sobre esta misma materia. Queda mucho camino por recorrer, pero ya hemos empezado a andar.</subfield>
</datafield>
<datafield tag="520" ind1=" " ind2=" ">
<subfield code="a">The  protection  of  animal  welfare  is  a  universal  concern  today.  However,  its  guarantee remains agap that has not yet been covered by international law. From the environmental dimension of the transformative peace model, the development of Good Living is essential to under stand our social relations and our interactions with o ther living beings. Therefore, we will try to understand what role animals and, in particular, dogs play in the culture of peace. We will see  how their work can be of great importance  in areas of public action essential  in  any  model  of  society,  such  as  health,  health  or  emergencies. Later,  we  will highlightsomeLatinAmericanexperiencesthatillustratethischangeintheconceptionof animal  welfare  and  its  contribution  to  today's  societies.  These  experiences  call  for optimism and that can be drivers of social change towards convivial  models that have a commonbenefitforanimalsandhumans,intheinteractionsthatcanbegeneratedbetween them.  We  will  conclude  by  presenting  some  conclusions  and  general  reflections  that encourage future researchers to work on the same subject. There is a long way to go, but we have already begun to walk.</subfield>
</datafield>
<datafield tag="024" ind2=" " ind1="8">
<subfield code="a">2707-8914</subfield>
</datafield>
<datafield tag="024" ind2=" " ind1="8">
<subfield code="a">http://hdl.handle.net/10259/10241</subfield>
</datafield>
<datafield tag="024" ind2=" " ind1="8">
<subfield code="a">10.5377/rlpc.v1i1.9515</subfield>
</datafield>
<datafield tag="024" ind2=" " ind1="8">
<subfield code="a">2707-8922</subfield>
</datafield>
<datafield ind1=" " ind2=" " tag="653">
<subfield code="a">Paz</subfield>
</datafield>
<datafield ind1=" " ind2=" " tag="653">
<subfield code="a">Latinoamérica</subfield>
</datafield>
<datafield ind1=" " ind2=" " tag="653">
<subfield code="a">Perro</subfield>
</datafield>
<datafield ind1=" " ind2=" " tag="653">
<subfield code="a">Bienestar</subfield>
</datafield>
<datafield ind1=" " ind2=" " tag="653">
<subfield code="a">Buen vivir</subfield>
</datafield>
<datafield ind1=" " ind2=" " tag="653">
<subfield code="a">Ser sintiente</subfield>
</datafield>
<datafield ind1=" " ind2=" " tag="653">
<subfield code="a">Terapia</subfield>
</datafield>
<datafield ind1=" " ind2=" " tag="653">
<subfield code="a">Peace</subfield>
</datafield>
<datafield ind1=" " ind2=" " tag="653">
<subfield code="a">Latin America</subfield>
</datafield>
<datafield ind1=" " ind2=" " tag="653">
<subfield code="a">Dog</subfield>
</datafield>
<datafield ind1=" " ind2=" " tag="653">
<subfield code="a">Wellness</subfield>
</datafield>
<datafield ind1=" " ind2=" " tag="653">
<subfield code="a">Sentient beings</subfield>
</datafield>
<datafield ind1=" " ind2=" " tag="653">
<subfield code="a">Therapy</subfield>
</datafield>
<datafield tag="245" ind1="0" ind2="0">
<subfield code="a">Análisis normativo del bienestar animal en España y Latinoaméricaespecial referencia a la labor de los perros en la construcción de paz</subfield>
</datafield>
</record></metadata></record></GetRecord></OAI-PMH>